| 000 | 00519nam a22001937a 4500 | ||
|---|---|---|---|
| 003 | MPLRDC | ||
| 005 | 20220104173529.0 | ||
| 008 | 210129b ||||| |||| 00| 0 eng d | ||
| 020 | _a967-65-1286-9 | ||
| 082 | _a859.6 PILL | ||
| 100 | _aDANESVARI PILLAY, SARATHA SITHAMPARAM | ||
| 245 |
_aSTORIES FROM THE EAST _c |
||
| 250 | _a再版 | ||
| 260 |
_a _bPENERBIT FAJAR BAKTI SDN BHD _c1993 |
||
| 300 | _b平 | ||
| 490 | _aTAPIR ENGLISH READERS FOR KBSM | ||
| 650 | _aCHILDREN LITERATURE | ||
| 942 |
_cBK _o859.6 PILL |
||
| 999 |
_c59463 _d59453 |
||